| 000 | 00414nam a2200145 a 4500 | ||
|---|---|---|---|
| 001 | 000029877 | ||
| 005 | 20200930055856.0 | ||
| 008 | 110426s2005 dr ac 000 0 spa d | ||
| 040 |
_aDO-SdBNP _bspa _cBNPHU |
||
| 110 | 1 |
_aFundación Félix Bautista _956621 |
|
| 245 | 1 | 0 | _aMemorias 2004 -2005. |
| 260 |
_aSanto Domingo : _bEditora Corripio _bFFB, _c2005. |
||
| 300 |
_a53 p. : _bil., retrs. ; _c28 cm. |
||
| 049 | _aBNPD | ||
| 999 |
_c29369 _d29369 |
||